000 00366nam a2200169Ia 4500
003 0100
008 130303s9999 xx 000 0 und d
040 _cARRUPELIB
050 _aLC493.M26 1959
100 _aMcGloin, Joseph T
245 _aSmile at your own risk
260 _aMilwaukee WI
260 _bBruce
260 _C1959
300 _a147p
942 0 0 _01
999 _c48332
_d48332